Southville International School and Colleges
Your cart is empty.
  • Cart
  • Lists
    Public lists Eva Luna New books Lux_list list_1
    Your lists Log in to create your own lists
  • Log in to your account
  • Your cookies
  • Search history
Southville International School and Colleges
  • Advanced search
  • Recent comments
  • Most popular
  • Libraries

Log in to your account

Log in with GOOGLE


If you do not have an external account, but do have a local account, you can still log in:

  1. Home
  2. MARC view: Museum treasures of Southeast Asia /
Normal view MARC view ISBD view

Museum treasures of Southeast Asia / (Record no. 288427)

[ view plain ]
MARC details
000 -LEADER
fixed length control field 01523cam a2200409 a 4500
001 - CONTROL NUMBER
control field 13171095
003 - CONTROL NUMBER IDENTIFIER
control field PILC
005 - DATE AND TIME OF LATEST TRANSACTION
control field 20150820154232.0
008 - FIXED-LENGTH DATA ELEMENTS--GENERAL INFORMATION
fixed length control field 030306s2002 ph ab b i001 0 eng
010 ## - LIBRARY OF CONGRESS CONTROL NUMBER
LC control number 2002359191
020 ## - INTERNATIONAL STANDARD BOOK NUMBER
International Standard Book Number 9810475896
035 ## - SYSTEM CONTROL NUMBER
System control number (DLC) 2002359191
037 ## - SOURCE OF ACQUISITION
Source of stock number/acquisition Library of Congress -- Jakarta Overseas Office
Terms of availability P2,500.00
040 ## - CATALOGING SOURCE
Original cataloging agency DLC
Transcribing agency DLC
Modifying agency DLC
042 ## - AUTHENTICATION CODE
Authentication code lcode
043 ## - GEOGRAPHIC AREA CODE
Geographic area code as-----
050 00 - LIBRARY OF CONGRESS CALL NUMBER
Classification number DS 523
Item number .C36 2002
100 1# - MAIN ENTRY--PERSONAL NAME
Personal name Campbell, Bronwyn.
245 10 - TITLE STATEMENT
Title Museum treasures of Southeast Asia /
Statement of responsibility, etc written by Bronwyn Campbell ; edited by Shirlene Noordin ; photographed by Neal Oshima and Cheong Hock Cheun.
260 ## - PUBLICATION, DISTRIBUTION, ETC. (IMPRINT)
Place of publication, distribution, etc [Manila] :
Name of publisher, distributor, etc Produced for the ASEAN Committee on Culture and Information,
Date of publication, distribution, etc 2002.
300 ## - PHYSICAL DESCRIPTION
Extent 192 pages :
Other physical details color illustrations ;
Dimensions 28 cm.
500 ## - GENERAL NOTE
General note "An artpostAsia book."
500 ## - GENERAL NOTE
General note Includes bibliographical references and index.
650 #0 - SUBJECT ADDED ENTRY--TOPICAL TERM
Topical term or geographic name as entry element Art
Geographic subdivision Southeast Asia.
650 #0 - SUBJECT ADDED ENTRY--TOPICAL TERM
Topical term or geographic name as entry element Material culture
Geographic subdivision Southeast Asia.
650 #0 - SUBJECT ADDED ENTRY--TOPICAL TERM
Topical term or geographic name as entry element Material culture
Geographic subdivision Southeast Asia
Form subdivision Pictorial works.
651 #0 - SUBJECT ADDED ENTRY--GEOGRAPHIC NAME
Geographic name Southeast Asia
General subdivision Antiquities.
651 #0 - SUBJECT ADDED ENTRY--GEOGRAPHIC NAME
Geographic name Southeast Asia
General subdivision Antiquities
Form subdivision Pictorial works.
651 #0 - SUBJECT ADDED ENTRY--GEOGRAPHIC NAME
Geographic name Southeast Asia
General subdivision Civilization.
700 1# - ADDED ENTRY--PERSONAL NAME
Personal name Noordin, Shirlene.
700 1# - ADDED ENTRY--PERSONAL NAME
Personal name Oshima, Neal M.
700 1# - ADDED ENTRY--PERSONAL NAME
Personal name Cheong, Hock Cheun.
710 2# - ADDED ENTRY--CORPORATE NAME
Corporate name or jurisdiction name as entry element ASEAN Committee on Culture and Information.
906 ## - LOCAL DATA ELEMENT F, LDF (RLIN)
a 7
b cbc
c origode
d 3
e ncip
f 20
g y-gencatlg
942 ## - ADDED ENTRY ELEMENTS (KOHA)
Source of classification or shelving scheme Library of Congress Classification
Koha item type Books
Holdings
Withdrawn status Lost status Source of classification or shelving scheme Damaged status Home library Current library Shelving location Date acquired Source of acquisition Sub Shelving location Total Checkouts Full call number Barcode Date last seen Price effective from Koha item type
    Library of Congress Classification   College Library College Library General Circulation Section 08/20/2015 Donation     DS 523 .C36 2002 C19719 05/15/2018 08/20/2015 Books

Museum treasures of Southeast Asia /

APA

Campbell B., Noordin S., Oshima N. M., Cheong H. C. & ASEAN Committee on Culture and Information. (2002). Museum treasures of Southeast Asia. [Manila]: Produced for the ASEAN Committee on Culture and Information.

Chicago

Campbell Bronwyn, Noordin Shirlene, Oshima Neal M, Cheong Hock Cheun and ASEAN Committee on Culture and Information. 2002. Museum treasures of Southeast Asia. [Manila]: Produced for the ASEAN Committee on Culture and Information.

Harvard

Campbell B., Noordin S., Oshima N. M., Cheong H. C. and ASEAN Committee on Culture and Information. (2002). Museum treasures of Southeast Asia. [Manila]: Produced for the ASEAN Committee on Culture and Information.

MLA

Campbell Bronwyn, Noordin Shirlene, Oshima Neal M, Cheong Hock Cheun and ASEAN Committee on Culture and Information. Museum treasures of Southeast Asia. [Manila]: Produced for the ASEAN Committee on Culture and Information. 2002.

  • Place hold
  • Print
  • Cite
  • Add to your cart (remove)
  • Save record
    BIBTEX Dublin Core MARCXML MARC (non-Unicode/MARC-8) MARC (Unicode/UTF-8) MARC (Unicode/UTF-8, Standard) MODS (XML) RIS
  • More searches
    Search for this title in:
    Other Libraries (WorldCat) Other Databases (Google Scholar) Online Stores (Bookfinder.com) Open Library (openlibrary.org)

Exporting to Dublin Core...

SOUTHVILLE LIBRARY

Southville International School and Colleges Library

1281 Tropical Ave. Cor. Luxembourg St., BF Homes International, Las Pinas City

Tel. No. 8256374 / 252358 Loc. 117/146

Powered by Koha